| 000 | 00410nam a2200181Ia 4500 | ||
|---|---|---|---|
| 005 | 20240823054904.0 | ||
| 008 | 240823s9999||||xx |||||||||||||| ||und|| | ||
| 041 | _aTAMIL | ||
| 082 | _A894.81109 Q1 | ||
| 100 | _aEmmar Adaikalasamy | ||
| 245 | 0 | _aTamil Elakkiya Varallaru | |
| 250 | _a41st | ||
| 260 |
_c2011 _bRasi Pathi |
||
| 500 | _aYES | ||
| 650 |
_aTamil _bGeneral |
||
| 942 | _cBK | ||
| 999 |
_c227515 _d227515 |
||